Statistics for Movies Set in France

Click here to take the quiz!

General Stats

  • This quiz has been taken 11,720 times
    (7,209 since last reset)
  • The average score is 11 of 18

Answer Stats

DescriptionMovie% Correct
Culinary rodent wants to become a professional chefRatatouille
95%
Kindly, deformed man lives in the bell tower of a cathedralThe Hunchback of
Notre Dame
93%
Clueless police inspector is framed for a gem heistThe Pink Panther
77%
Young woman ignores father's advice and goes to Paris, where she is
promptly kidnapped by sex traffickers
Taken
71%
Musical stalker lives in a watery lair beneath the opera houseThe Phantom
of the Opera
71%
American super-spy loses his memory, and is hunted by CIA agentsThe Bourne Identity
68%
Shadowy religious group wants to hide the secret truth about Jesus's descendantsThe Da Vinci Code
67%
Costume drama about the life of a famous French queen who got beheadedMarie Antoinette
65%
Spoiled cats inherit money, but are threatened by an evil butlerThe Aristocats
64%
Woman shakes up a town by opening a chocolate shop during LentChocolat
57%
Early 1900s cabaret star is terminally ill with tuberculosis, but still
finds love and sings modern pop music
Moulin Rouge!
53%
Young woman tries to cook all the recipes in Julia Child's famous cookbookJulie & Julia
50%
Mischievous pixie-like woman performs pranks that help peopleAmélie
49%
Escaped convict starts a new life, but is doggedly pursued by a cold-hearted police inspectorLes Misérables
47%
Boy lives in a train station and tries to fix an automatonHugo
42%
A biopic about singer Édith Piaf, named for her most famous songLa Vie en Rose
41%
Each night, Owen Wilson is transported back in time to the golden age of Paris in the 1920sMidnight in Paris
38%
Driver will deliver goods for a price – no questions asked – until he discovers
that his cargo is an attractive young woman
The Transporter
32%

Score Distribution

Percentile by Number Answered

Percent of People with Each Score

Your Score History

You have not taken this quiz since the last reset